| 000 -LEADER |
| fixed length control field |
00749nam a2200217 4500 |
| 003 - CONTROL NUMBER IDENTIFIER |
| control field |
OSt |
| 005 - DATE AND TIME OF LATEST TRANSACTION |
| control field |
20180827082717.0 |
| 008 - FIXED-LENGTH DATA ELEMENTS--GENERAL INFORMATION |
| fixed length control field |
180825b xxu||||| |||| 00| 0 spa d |
| 020 ## - INTERNATIONAL STANDARD BOOK NUMBER |
| International Standard Book Number |
9502004663 |
| 040 ## - CATALOGING SOURCE |
| Transcribing agency |
PJ |
| 100 ## - ASIENTO PRINCIPAL - NOMBRE DE PERSONA |
| 9 (RLIN) |
1870 |
| Personal name |
Pavone La Rosa, Antonio |
| 245 10 - MENCIÓN DE TÍTULO |
| Título propiamente dicho |
La letra de cambio / |
| Mención de responsabilidad, etc |
Antonio Pavone La Rosa, traducción y referencias al régimen argentino por Osvaldo J. Maffía. |
| 260 ## - PUBLICATION, DISTRIBUTION, ETC. (IMPRINT) |
| Place of publication, distribution, etc |
Buenos Aires : |
| Name of publisher, distributor, etc |
Abeledo-Perrot, |
| Date of publication, distribution, etc |
1982. |
| 300 ## - DESCRIPCION FISICA |
| Extent |
791 p. |
| Dimensions |
23 cm. |
| Other physical details |
rústica |
| 500 ## - NOTA GENERAL |
| General note |
Notas y citas a pie de página. |
| 650 #0 - ASIENTO SECUNDARIO DE MATERIA - TERMINO TEMATICO |
| 9 (RLIN) |
1602 |
| Topical term or geographic name as entry element |
DERECHO COMERCIAL |
| 650 #0 - ASIENTO SECUNDARIO DE MATERIA - TERMINO TEMATICO |
| 9 (RLIN) |
1831 |
| Topical term or geographic name as entry element |
TITULOS DE CRÉDITO |
| 650 #0 - ASIENTO SECUNDARIO DE MATERIA - TERMINO TEMATICO |
| 9 (RLIN) |
1858 |
| Topical term or geographic name as entry element |
LETRA DE CAMBIO |
| 700 ## - ADDED ENTRY--PERSONAL NAME |
| 9 (RLIN) |
1763 |
| Personal name |
Maffía, Osvaldo J. |
| Relator term |
traducción |
| 942 ## - ADDED ENTRY ELEMENTS (KOHA) |
| Source of classification or shelving scheme |
|
| Koha item type |
Libros |
| Classification part |
347.746 |
| Item part |
PAV |